Herrn Johann Peter Falk Professors der Kräuterkunde beym Garten des Russisch-Kayserl. Medizinischen Kollegiums, auch Mitgliedes der Freyen Oekonomischen Societät in St. Petersburg, Beyträge zur topographischen Kenntniss des Russischen Reichs // Herrn Johann Peter Falk Professors der Kräuterkunde beym Garten des Russisch-Kayserl. Medizinischen Kollegiums, auch Mitgliedes der Freyen Oekonomischen Societät in St. Petersburg, Beyträge zur topographischen Kenntniss des Russischen Reichs. - Welcher die Geschichte seiner Reise von den Jahren 1768 bis 1773 und Beyträge zur physikalischen und politischen Erdbeschreibung etc. enthält (Запись № 10373543)

Подробности
000 -МАРКЕР
контрольное поле 02691nam1a22003731 4500
001 - ИДЕНТИФИКАТОР ЗАПИСИ
контрольное поле RU\NLR\A2\4575
005 - ИДЕНТИФИКАТОР ВЕРСИИ
контрольное поле 20251214183044.0
035 ## - ДРУГИЕ СИСТЕМНЫЕ НОМЕРА
Идентификатор записи (NLR Aleph) 009858095
100 ## - ДАННЫЕ ОБЩЕЙ ОБРАБОТКИ
Данные общей обработки 20251214 rusy50
101 0# - ЯЗЫК РЕСУРСА
Язык текста, звукозаписи и т.д. немецкий
102 ## - СТРАНА ПУБЛИКАЦИИ ИЛИ ПРОИЗВОДСТВА
Страна публикации российская федерация
200 1# - ЗАГЛАВИЕ И СВЕДЕНИЯ ОБ ОТВЕТСТВЕННОСТИ
Основное заглавие Herrn Johann Peter Falk Professors der Kräuterkunde beym Garten des Russisch-Kayserl. Medizinischen Kollegiums, auch Mitgliedes der Freyen Oekonomischen Societät in St. Petersburg, Beyträge zur topographischen Kenntniss des Russischen Reichs
210 ## - ПУБЛИКАЦИЯ, РАСПРОСТРАНЕНИЕ И ДР.
Место издания, распространения и т.д. St. Petersburg [St.- Peterburg]
Имя издателя, распространителя и т. д. Gedruckt bey der Kayserl. Akademie der Wissenschaften
Дата издания, распространения и т.д. 1785-1786
215 ## - ФИЗИЧЕСКАЯ ХАРАКТЕРИСТИКА
Размеры
306 ## - ПРИМЕЧАНИЯ, ОТНОСЯЩИЕСЯ К ПУБЛИКАЦИИ, РАСПРОСТРАНЕНИЮ И ИСПОЛНЕНИЯ ИЗДАНИЯ
Текст примечания В конце предисл. подпись изд.: St. Petersburg, den 9. April 1785. J.G. Georgi
317 ## - ПРИМЕЧАНИЯ О ПРОИСХОЖДЕНИИ ЭКЗЕМПЛЯРА
Текст примечания Экз. из б-ки Эрмитажа
Организация и экземпляр, к которому относится поле 13.3.5.54
321 1# - ПРИМЕЧАНИЯ ОБ ОТДЕЛЬНО ИЗДАННЫХ УКАЗАТЕЛЯХ / РЕФЕРАТАХ / ССЫЛКАХ, ОТРАЖАЮЩИХ КАТАЛОГИЗИРУЕМЫЙ ДОКУМЕНТ
Примечания об указателях, рефератах, ссылках СК XVIII(ин.) 943
463 #0 - УРОВЕНЬ ФИЗИЧЕСКОЙ ЕДИНИЦЫ
Встроенное поле 001RU\NLR\A2\4572
Системный номер (АБИС) связанной записи 13487894
Дата публикации 1785
Физическая характеристика [8], XII, 402 с., [7] л. ил., карт.
Заглавие Herrn Johann Peter Falk Professors der Kräuterkunde beym Garten des Russisch-Kayserl. Medizinischen Kollegiums, auch Mitgliedes der Freyen Oekonomischen Societät in St. Petersburg, Beyträge zur topographischen Kenntniss des Russischen Reichs. - Welcher die Geschichte seiner Reise von den Jahren 1768 bis 1773 und Beyträge zur physikalischen und politischen Erdbeschreibung etc. enthält
463 #0 - УРОВЕНЬ ФИЗИЧЕСКОЙ ЕДИНИЦЫ
Встроенное поле 001RU\NLR\A2\4573
Системный номер (АБИС) связанной записи 13487895
Дата публикации 1786
Сведения, относящиеся к заглавию Mit Kupfern
Физическая характеристика VI, 282 с., [17] л. ил.
Заглавие Herrn Johann Peter Falk Professors der Kräuterkunde beym Garten des Russisch-Kayserl. Medizinischen Kollegiums, auch Mitgliedes der Freyen Oekonomischen Societät in St. Petersburg, Beyträge zur topographischen Kenntniss des Russischen Reichs. - Welcher Beyträge zur Mineral- und Pflanzengeschichte enthält
463 #0 - УРОВЕНЬ ФИЗИЧЕСКОЙ ЕДИНИЦЫ
Встроенное поле 001RU\NLR\A2\4574
Системный номер (АБИС) связанной записи 13487896
Дата публикации 1786
Сведения, относящиеся к заглавию Mit Kupfern
Физическая характеристика [4], 283-584, XXXV с., [22] л. ил.
Заглавие Herrn Johann Peter Falk Professors der Kräuterkunde beym Garten des Russisch-Kayserl. Medizinischen Kollegiums, auch Mitgliedes der Freyen Oekonomischen Societät in St. Petersburg, Beyträge zur topographischen Kenntniss des Russischen Reichs. - Welcher Beyträge zur Thierkenntniss und Völkerbeschreibung enthält
517 1# - ДРУГИЕ ВАРИАНТЫ ЗАГЛАВИЯ
Вариант заглавия Beyträge zur topographischen Kenntniss des Russischen Reichs
620 ## - МЕСТО И ДАТА ПУБЛИКАЦИИ, ИСПОЛНЕНИЯ И Т. Д.
Город St.- Peterburg
700 #1 - ИМЯ ЛИЦА - ПЕРВИЧНАЯ ОТВЕТСТВЕННОСТЬ
Начальный элемент ввода Falk
Часть имени, кроме начального элемента ввода J.P.
Даты 1727-1774
Расширение инициалов личного имени Johann Peter
Код отношения Автор
702 #1 - ИМЯ ЛИЦА - ВТОРИЧНАЯ ОТВЕТСТВЕННОСТЬ
Начальный элемент ввода Georgi
Часть имени, кроме начального элемента ввода J.G.
Даты 1729-1801
Расширение инициалов личного имени Johann Gottlieb
Код отношения Издатель
712 02 - НАИМЕНОВАНИЕ ОРГАНИЗАЦИИ - ВТОРИЧНАЯ ОТВЕТСТВЕННОСТЬ
Начальный элемент ввода Akademie der Wissenschaften
Идентифицирующий признак Petersburg
Структурное подразделение Druckerei
Код отношения Печатник (типограф)
801 #0 - ИСТОЧНИК ЗАПИСИ
Страна российская федерация
Организация NLR
Дата составления 19970130
852 ## - МЕСТОНАХОЖДЕНИЕ И ШИФР ХРАНЕНИЯ
Идентификатор организации NLR
Наименование фонда или коллекции (Sub-Location Identifier) Rossica
Шифр хранения (Call Number) 13.3.5.54
852 ## - МЕСТОНАХОЖДЕНИЕ И ШИФР ХРАНЕНИЯ
Идентификатор организации NLR
Шифр хранения (Call Number) Г21 A-7/2
942 ## - ДОПОЛНИТЕЛЬНЫЕ ЭЛЕМЕНТЫ ЗАПИСИ (АБИС)
Тип экземпляра АБИС Книга
980 ## - КОЛЛЕКЦИЯ
Название коллекции Национальная библиография
980 ## - КОЛЛЕКЦИЯ
Название коллекции Россика
980 ## - КОЛЛЕКЦИЯ
Название коллекции Книги XVIII века на западноевропейских языках, изданные в России

Нет доступных экземпляров.